[Event "HEM 2013 B Turnier"]
[Site "Korbach"]
[Date "2013.03.29"]
[Round "5.28"]
[White "Risius, Joerg"]
[Black "Weber, Stefan"]
[Result "0-1"]
[WhiteElo "1309"]
[BlackElo "1512"]
[PlyCount "108"]
[EventDate "2013.??.??"]
[WhiteTeam "SK 1858 Gießen"]
[BlackTeam "Sfr. Korbach"]

1. d4 Nf6 2. c4 g6 3. Nf3 Bg7 4. Bf4 O-O 5. e3 e6 6. Be2 d5 7. O-O Nbd7 8. Nc3
dxc4 9. Bxc4 Nb6 10. Be2 c6 11. Rc1 Nbd5 12. Nxd5 exd5 13. h3 Nh5 14. Be5 f6
15. Bh2 Bh6 16. Ne1 Ng7 17. Bd3 Be6 18. Qc2 f5 19. Nf3 Qe7 20. Ne5 Rf6 21. Rce1
Raf8 22. Be2 f4 23. exf4 Bxf4 24. Bg4 Bxh2+ 25. Kxh2 Qd6 26. Bxe6+ Nxe6 27. Qd2
c5 28. g3 Nxd4 29. f4 Re6 30. Kg2 Nc6 31. Nf3 Rfe8 32. Rxe6 Rxe6 33. Re1 d4 34.
Rxe6 Qxe6 35. b3 Qe4 36. Kf2 Nb4 37. Ne5 Qh1 38. h4 Qh2+ 39. Ke1 Qxg3+ 40. Qf2
Qc3+ 41. Qd2 Nc2+ 42. Kd1 Ne3+ 43. Ke1 Ng2+ 44. Kd1 Qxd2+ 45. Kxd2 Nxh4 46. Kd3
h5 47. Ke4 Kg7 48. a3 b6 49. b4 cxb4 50. axb4 a5 51. b5 a4 52. Kxd4 Nf5+ 53.
Kc3 Nd6 54. Nc4 Nxc4 0-1

[Event "HEM 2013 B Turnier"]
[Site "Korbach"]
[Date "2013.03.29"]
[Round "5.29"]
[White "Wolff, Beate"]
[Black "Barchfeld, Peter"]
[Result "1-0"]
[WhiteElo "905"]
[BlackElo "1175"]
[PlyCount "121"]
[EventDate "2013.??.??"]
[WhiteTeam "VSG 1880 Offenbach"]
[BlackTeam "SAbt TG Wehlheiden"]

1. c4 Nf6 2. g3 g6 3. Bg2 Bg7 4. Nc3 d6 5. d3 O-O 6. Nf3 e5 7. e4 Nh5 8. O-O
Nc6 9. Bg5 f6 10. Be3 f5 11. Nd5 f4 12. Bd2 Bg4 13. Qb3 b6 14. Qb5 Bxf3 15.
Qxc6 Bxg2 16. Kxg2 Rf7 17. f3 fxg3 18. hxg3 h6 19. Rh1 g5 20. Rxh5 Qe8 21.
Qxe8+ Rxe8 22. Rf1 Ref8 23. Bxg5 hxg5 24. Rxg5 c6 25. Ne3 Rc8 26. Nf5 d5 27.
Nd6 Rd8 28. Nxf7 Kxf7 29. Rf5+ Ke6 30. Rg5 Bf8 31. Rg6+ Kd7 32. Rh1 dxc4 33.
Rh7+ Be7 34. Rgg7 cxd3 35. Rxe7+ Kd6 36. Kf2 c5 37. Ke1 Kc6 38. Kd2 c4 39. Rxa7
Kb5 40. a3 Rg8 41. g4 Rf8 42. Rhf7 Rh8 43. Rh7 Rf8 44. Rh3 Kc5 45. g5 Rg8 46.
Rh5 Rg6 47. Rc7+ Kb5 48. Re7 Ka4 49. Rxe5 b5 50. f4 b4 51. Rc5 Kb3 52. axb4
Kxb4 53. Rc7 Ra6 54. f5 Ra2 55. Rb7+ Kc5 56. f6 Ra8 57. Kc3 Rd8 58. g6+ Kc6 59.
Kd2 Rd6 60. e5 Re6 61. g7 1-0

[Event "HEM 2013 B Turnier"]
[Site "Korbach"]
[Date "2013.03.29"]
[Round "5.30"]
[White "Grasmik, Waldemar"]
[Black "Mohammadi, Sholeh"]
[Result "1-0"]
[WhiteElo "1599"]
[BlackElo "1055"]
[PlyCount "99"]
[EventDate "2013.??.??"]
[WhiteTeam "TSV 1876 Bad Kissingen"]
[BlackTeam "SK Marburg 1931/72"]

1. e4 e5 2. d4 exd4 3. c3 dxc3 4. Nxc3 Bb4 5. Bd2 Nf6 6. Bd3 Nc6 7. a3 Bxc3 8.
Bxc3 d6 9. Qe2 Qd7 10. O-O-O Ne5 11. f4 Nxd3+ 12. Qxd3 O-O 13. e5 dxe5 14. Bxe5
Qe7 15. Nf3 Rd8 16. Qc2 Nd7 17. Nd4 f5 18. h4 Nxe5 19. fxe5 h6 20. Nf3 c5 21.
Rhe1 b5 22. Qf2 a5 23. h5 c4 24. Nh4 Qg5+ 25. Kb1 Rd2 26. Qb6 Bd7 27. Nf3 Rxb2+
28. Kxb2 Qxg2+ 29. Kb1 Qxf3 30. Qe3 Qd5 31. e6 Bxe6 32. Qxe6+ Qxe6 33. Rxe6 Rb8
34. Rg1 Kf7 35. Reg6 Rg8 36. Rb6 b4 37. axb4 axb4 38. Rxb4 Rc8 39. Rb7+ Kf6 40.
Rgxg7 c3 41. Kc2 Ke5 42. Rbe7+ Kf4 43. Re6 Rc5 44. Rxh6 Kf3 45. Rf6 Rd5 46. h6
Rd8 47. h7 Ke3 48. Rg8 Rd4 49. h8=Q f4 50. Re8+ 1-0

[Event "HEM 2013 B Turnier"]
[Site "Korbach"]
[Date "2013.03.29"]
[Round "5.31"]
[White "Hesse, Klaus Dieter"]
[Black "Hildebrand, Georg"]
[Result "1-0"]
[WhiteElo "1927"]
[BlackElo "1225"]
[PlyCount "93"]
[EventDate "2013.??.??"]
[WhiteTeam "SK Stadtallendorf"]
[BlackTeam "SK Marburg 1931/72"]

1. e4 c5 2. c3 a6 3. d4 cxd4 4. cxd4 e6 5. Nf3 h6 6. Bd3 Nc6 7. O-O g6 8. d5
Na7 9. Re1 Nf6 10. Nc3 d6 11. e5 Ng4 12. dxe6 Bxe6 13. Nd4 Qd7 14. Nxe6 Nxe5
15. Nxf8 Kxf8 16. Be4 Nac6 17. Nd5 Qd8 18. f4 Nd7 19. Be3 Kg7 20. Rc1 Re8 21.
Qd3 Re6 22. Bf2 Qa5 23. a3 Rae8 24. b4 Qb5 25. Qf3 Rxe4 26. Rxe4 Qxd5 27. Rxe8
Qxf3 28. gxf3 Nf6 29. Rxc6 bxc6 30. Bd4 c5 31. bxc5 dxc5 32. Bc3 g5 33. fxg5
hxg5 34. Kf2 Kg6 35. Bxf6 Kxf6 36. Rc8 Ke6 37. Rxc5 f6 38. h3 Kd6 39. Ra5 Ke6
40. Ke3 Kf7 41. Ke4 Kg6 42. Rxa6 g4 43. fxg4 Kg5 44. Ra5+ Kh4 45. Kf3 f5 46.
Rxf5 Kxh3 47. Rh5# 1-0